| 000 | 00871nas a2200277 4500 | ||
|---|---|---|---|
| 001 | BR2012004241 | ||
| 003 | BR-BrBNA | ||
| 005 | 20231205120705.0 | ||
| 007 | ta | ||
| 008 | 230509b bl.|||p| |||| 00| 00por d | ||
| 040 |
_aBR-BrBNA _bpor _cBiblioteca Nacional de Agricultura |
||
| 041 | _a(Pt) | ||
| 072 | _aF63 | ||
| 100 | 1 | _aFlores, A.I.P. | |
| 100 | 1 | _aValls, J.F.M. | |
| 245 | 1 | _aAspectos reprodutivos em espécies de Sorghastrum Nash (GRAMINEAE; ANDROPOGONEAE)do Rio Grande do Sul | |
| 650 | _aGRAMINEAE | ||
| 650 | _aGRAMÍNEA | ||
| 650 | _aRIO GRANDE DO SUL | ||
| 650 | _aREPRODUÇÃO SEXUADA | ||
| 650 | _aREPRODUÇÃO VEGETAL | ||
| 650 | _aFECUNDAÇÃO VEGETAL | ||
| 773 | 0 |
_tIheringia. Série Botânica (Brazil) _xISSN 0073-4705 _g(Sep. 1986), v. 35 p. 127-132 _wBR2012004241 |
|
| 909 |
_a202311 _bLúcia _c55 _dLúcia Elande |
||
| 942 |
_2AGRIS _n0 _cANA |
||
| 999 |
_c219790 _d219790 |
||